[Event "TCh-SVK Extraliga 2010-11"]
[Site "Slovakia SVK"]
[Date "2011.02.20"]
[Round "6.1"]
[White "Mazur,Ste"]
[Black "Ponizil,C"]
[Result "0-1"]
[WhiteElo "2388"]
[BlackElo "2398"]

1.d4 Nf6 2.c4 Nc6 3.Nf3 e6 4.a3 g6 5.Nc3 Bg7 6.g3 O-O 7.Bg2 d5 8.O-O dxc4
9.e4 Na5 10.Qa4 b6 11.Bf4 Bb7 12.Rfe1 Qc8 13.Ne5 Nh5 14.Be3 c5 15.f4 cxd4
16.Bxd4 Nb3 17.Rad1 Nxd4 18.Rxd4 Qc5 19.Qxc4 Bxe5 20.fxe5 Qxe5 21.Rd7 Rac8
22.Qb4 Rc7 23.Red1 Nf6 24.Rxc7 Qxc7 25.e5 Bxg2 26.exf6 Bc6 27.Qd4 Rc8 28.Qe3 Bb7
29.Qd4 h6 30.Qd6 Qxd6 31.Rxd6 Bc6 32.h4 Kf8 33.Kf2 Ke8 34.Ke3 Bd7 35.Ne4 Rc1
36.Rd2 Re1+ 37.Kf4 Bc6 38.Nd6+ Kf8 39.Rc2 e5+ 40.Kg4 Bd7+ 41.Kf3 Rd1 42.Nc4 Rf1+
43.Rf2 e4+ 44.Ke3 Rg1 45.Kf4 Be6 46.Ne3 Ke8 47.Rg2 Rxg2 48.Nxg2 Bc8 49.Ne3 Kd7
50.Ke5 h5 51.Nc4 Ba6 52.Ne3 Bd3 53.Kd5 Be2 54.Nc2 Bf3 55.Ke5 Kc6 56.Ne3 a5
57.Kd4 b5 58.Ke5 Kc5 59.Nd5 Kc4 60.Kd6 Kd4 61.Ke7 Kxd5 62.Kxf7 Bg4 63.Kxg6 Be6
64.g4 hxg4  0-1

[Event "31st TCh-IND 2011"]
[Site "Kochi IND"]
[Date "2011.02.25"]
[Round "6"]
[White "Jagadeesh,A"]
[Black "Navin,K"]
[Result "0-1"]
[WhiteElo "2093"]
[BlackElo "2383"]

1.d4 Nf6 2.c4 Nc6 3.Nf3 e6 4.Bg5 h6 5.Bf4 Bb4+ 6.Bd2 Qe7 7.a3 Bxd2+ 8.Nbxd2 d6
9.e3 e5 10.d5 Nd8 11.e4 c5 12.b4 b6 13.h3 cxb4 14.axb4 a5 15.Bd3 O-O 16.g4 Ne8
17.Nf1 Nc7 18.bxa5 bxa5 19.Qd2 Nb7 20.Ng3 Nc5 21.Bc2 a4 22.O-O Bd7 23.Rfb1 Rfb8
24.Kg2 N7a6 25.Qc3 Qd8 26.Nd2 Rxb1 27.Rxb1 Rb8 28.f4 Rxb1 29.Bxb1 f6 30.fxe5 fxe5
31.Ngf1 Qb8 32.g5 hxg5 33.Qg3 Nb3 34.Nxb3 Qxb3 35.Qxb3 axb3 36.Nd2 Nc5 37.Nf3 g4
38.hxg4 Bxg4 39.Ne1 Be2  0-1

[Event "Osijek Open"]
[Site "Osijek CRO"]
[Date "2011.02.25"]
[Round "4.9"]
[White "Buric,P"]
[Black "Fures,I"]
[Result "1/2-1/2"]
[WhiteElo "2121"]
[BlackElo "1850"]

1.d4 Nf6 2.c4 Nc6 3.Nf3 e6 4.Nc3 Bb4 5.Qc2 Bxc3+ 6.bxc3 d5 7.Bg5 h6 8.Bxf6 Qxf6
9.e3 O-O 10.Bd3 Bd7 11.cxd5 exd5 12.Qb3 Qd6 13.Qxb7 Rab8 14.Qa6 Rb6 15.Qa4 Nb4
16.Qd1 Nxd3+ 17.Qxd3 Bb5 18.Qc2 Rfb8 19.Kd2 Ba6 20.Rab1 f6 21.Rxb6 Qxb6 22.Qb3 Bc4
23.Qxb6 Rxb6 24.Kc2 a6 25.Nd2 Be2 26.Rb1 Kf7 27.Rxb6 cxb6 28.Kb3 Ke6 29.c4 Kd6
30.a4 a5 31.Kc3 f5 32.f3 Bd1 33.Nb3 dxc4 34.Kxc4 Be2+ 35.Kc3 Bf1 36.g3 Be2
37.Nd2 Bd1 38.e4 fxe4 39.fxe4 Bxa4 40.Nc4+ Kc6 41.Ne3 b5 42.Nf5 b4+ 43.Kb2 Bd1
44.d5+ Kd7 45.e5 Bg4 46.Ne3 Be2 47.Kb3 g6 48.h3 h5 49.h4 Ke7 50.Ng2 Bd1+
51.Kb2 a4 52.Ne3 a3+ 53.Ka2 Be2 54.Kb3 Bd3 55.Ka2 Kd7  1/2-1/2

[Event "TCh-CZE 2010-11"]
[Site "Czech Rep CZE"]
[Date "2011.03.06"]
[Round "9.5"]
[White "Stocek,J"]
[Black "Ponizil,C"]
[Result "1-0"]
[WhiteElo "2567"]
[BlackElo "2398"]

1.d4 Nf6 2.c4 Nc6 3.Nf3 e6 4.Nc3 Bb4 5.Qb3 Qe7 6.a3 Bxc3+ 7.Qxc3 d6 8.b4 O-O
9.Bb2 Re8 10.e3 e5 11.dxe5 Nxe5 12.Nxe5 dxe5 13.Bd3 Bg4 14.f3 Bh5 15.O-O Bg6
16.Be2 Nd7 17.c5 Nf6 18.Rad1 c6 19.e4 Nd7 20.Bc4 b6 21.cxb6 axb6 22.Qd3 Nb8
23.Qd6 Qxd6 24.Rxd6 Kf8 25.b5 Ra4 26.Bb3 Ra5 27.bxc6 Rc8 28.Bc3 Ke7 29.Bb4 Rc5
30.Bxc5 bxc5 31.Rd5 f6 32.Rxc5 Rxc6 33.Rxc6 Nxc6 34.Bd5  1-0

[Event "Saint Louis Invitational"]
[Site "Saint Louis USA"]
[Date "2011.03.07"]
[Round "6"]
[White "Yang,Dar"]
[Black "Benjamin,Joe"]
[Result "1/2-1/2"]
[WhiteElo "2416"]
[BlackElo "2564"]

1.d4 Nf6 2.c4 Nc6 3.Nf3 e6 4.g3 Bb4+ 5.Bd2 Qe7 6.Bg2 Bxd2+ 7.Nbxd2 O-O 8.O-O d6
9.e4 e5 10.d5 Nb8 11.Ne1 a5 12.Nd3 Na6 13.a3 Bg4 14.f3 Bd7 15.b4 c6 16.Qb3 cxd5
17.exd5 a4 18.Qb2 b5 19.f4 e4 20.Rfe1 bxc4 21.Bxe4 Qd8 22.Nxc4 Bb5 23.Rac1 Rc8
24.Qd4 Rxc4 25.Rxc4 Bxc4 26.Qxc4 Qb6+ 27.Kg2 Nc7 28.Bf3 Nb5 29.Qc6 Qb8 30.Qa6 Nxa3
31.Qxa4 Nb5 32.Qa6 Nd4 33.Qc4 Nf5 34.Be4 Rc8 35.Qa6 Nd4 36.Nf2 h5 37.Qd3 Qxb4
38.Rd1 Nc2 39.Qd2 Qxd2 40.Rxd2 Ne3+ 41.Kh3 Nfg4 42.Re2 Re8 43.Bf3 Nf6 44.Nd1 Nxd1
45.Rxe8+ Nxe8 46.Bxd1 Nf6 47.Bf3 Kf8 48.Kh4 g6 49.h3 Kg7  1/2-1/2

[Event "Saint Louis Invitational"]
[Site "Saint Louis USA"]
[Date "2011.03.08"]
[Round "8"]
[White "Yang,Dar"]
[Black "Khachiyan,M"]
[Result "1/2-1/2"]
[WhiteElo "2416"]
[BlackElo "2511"]

1.d4 Nf6 2.c4 Nc6 3.Nf3 e6 4.g3 d5 5.Nbd2 Bb4 6.Qc2 dxc4 7.Qxc4 Qd5 8.Qxd5 exd5
9.e3 O-O 10.a3 Bd6 11.Bd3 a5 12.b3 Bd7 13.Bb2 a4 14.b4 Na7 15.Ne5 Bb5 16.Bxb5 Nxb5
17.Nd3 Rfe8 18.Ke2 Ne4 19.Nxe4 Rxe4 20.Nc5 Bxc5 21.bxc5 f5 22.Rab1 c6 23.Kd3 Kf7
24.Bc1 Ke7 25.Rb4 Kd7 26.Re1 Re6 27.f3 Kc7 28.Re2 g6 29.Bb2 Kd7 30.Bc1 Kc7
31.Bb2 Kd7 32.Bc1 Kc7  1/2-1/2

[Event "MP Reykjavik Open"]
[Site "Reykjavik ISL"]
[Date "2011.03.16"]
[Round "9.74"]
[White "Sigurdsson,Birkir Karl"]
[Black "Plug,A"]
[Result "1/2-1/2"]
[WhiteElo "1481"]
[BlackElo "1965"]

1.d4 Nf6 2.c4 Nc6 3.Nc3 e6 4.e3 Bb4 5.Ne2 O-O 6.a3 Be7 7.Ng3 d6 8.Be2 a5
9.O-O e5 10.d5 Nb8 11.e4 Nbd7 12.Rb1 Ne8 13.Be3 Bg5 14.Qd2 f6 15.Rfe1 Nb6
16.b4 axb4 17.axb4 Bxe3 18.Qxe3 f5 19.exf5 Bxf5 20.Nxf5 Rxf5 21.c5 Nd7 22.Ne4 Qh4
23.Bf3 Qf4 24.h3 Qxe3 25.Rxe3 Ndf6 26.Nc3 h5 27.Be4 Nxe4 28.Nxe4  1/2-1/2

[Event "Caissa GM March 2011"]
[Site "Kecskemet HUN"]
[Date "2011.03.23"]
[Round "6.3"]
[White "Sarosi,Z"]
[Black "Goh Weiming"]
[Result "0-1"]
[WhiteElo "2313"]
[BlackElo "2382"]

1.d4 Nf6 2.c4 Nc6 3.Nf3 e6 4.Nc3 Bb4 5.e3 d6 6.Bd2 O-O 7.a3 Bxc3 8.Bxc3 Qe7
9.d5 Nb8 10.b4 e5 11.Be2 Ne4 12.Bb2 f5 13.Nd2 Nd7 14.O-O Ng5 15.f4 Nf7 16.Kh1 c5
17.dxc6 bxc6 18.Bf3 e4 19.Be2 c5 20.Nb3 Rb8 21.Qd2 Nb6 22.Na5 Qc7 23.Rad1 Be6
24.b5 Rbd8 25.Qc3 Nh6 26.Qc2 Kh8 27.Nc6 Rd7 28.a4 Ng8 29.a5 Nc8 30.Rd2 Nf6
31.Rfd1 Rdf7 32.Qa4 Bd7 33.Bc3 a6 34.h3 h6 35.Kh2 Kh7 36.Kh1 Rg8 37.Kh2 Ne8
38.Rb1 g6 39.Kh1 Ng7 40.Rbd1 Be8 41.g4 Bxc6 42.bxc6 Qd8 43.Kg2 Qh4 44.Rh1 g5
45.Rd5 gxf4 46.Be1 f3+ 47.Kh2 f2 48.Bc3 fxg4  0-1

[Event "Bocharov Memorial"]
[Site "Borisoglebsk RUS"]
[Date "2011.04.01"]
[Round "3"]
[White "Chuprikov,D"]
[Black "Zemlyanskiy,D"]
[Result "1-0"]
[WhiteElo "2406"]
[BlackElo "2292"]

1.d4 Nf6 2.c4 Nc6 3.d5 Ne5 4.Nc3 Ng6 5.e4 e5 6.h4 h5 7.Bg5 Be7 8.g3 Ng4 9.Bd2 Bc5
10.Nh3 d6 11.Bd3 Nxh4 12.gxh4 Qxh4 13.Qf3 Nxf2 14.Nxf2 Bxf2+ 15.Kf1 Qg3 16.Qxg3 Bxg3
17.Ne2 Bf4 18.Bxf4 exf4 19.Nxf4 h4 20.Re1 g5 21.Ng2 f6 22.Ne3 Kf7 23.Be2 Kg6
24.Kf2 Bd7 25.Bg4 Bxg4 26.Nxg4 f5 27.exf5+ Kxf5 28.Kf3 Rae8  1-0

[Event "TCh-NED"]
[Site "Netherlands NED"]
[Date "2011.04.09"]
[Round "8.3"]
[White "Siebrecht,S"]
[Black "Hausrath,D"]
[Result "1/2-1/2"]
[WhiteElo "2421"]
[BlackElo "2537"]

1.d4 Nf6 2.c4 Nc6 3.Nf3 e6 4.a3 d6 5.Nc3 g6 6.e4 Bg7 7.Be2 O-O 8.O-O Re8
9.Bg5 h6 10.Be3 Ng4 11.Bc1 Nf6 12.Be3 Ng4 13.Bc1 Nf6 14.d5 Nb8 15.Be3 Ng4
16.Bd2 exd5 17.cxd5 Nd7 18.Bb5 a6 19.Ba4 Re7 20.Bc2 Qe8 21.h3 Ngf6 22.b4 Nb6
23.Bd3 c6 24.dxc6 bxc6 25.Rc1 d5 26.exd5 cxd5 27.Be3 Nc4 28.Bc5 Nb2 29.Qd2 Nxd3
30.Bxe7 Nxc1 31.Bxf6 Bxf6 32.Rxc1 Bb7 33.Nxd5 Qd8 34.Nxf6+ Qxf6 35.Qd4 Qe7
36.Re1 Qc7 37.Qf6 Bxf3 38.Qxf3 Rd8 39.Qf6 Qc8 40.Re7 Rf8 41.Kh2 h5 42.g3 Qd8
43.g4 h4 44.Qe5 Qd3 45.Qe3 Qd6+ 46.Kg2 a5 47.Qe5 Qc6+ 48.Qe4 Qc3 49.Ra7 axb4
50.axb4 Kg7 51.Rd7 Rc8 52.b5 Rc4 53.Qe3 Qxe3 54.fxe3 Rb4 55.Rd5 Kf6 56.Kf3 Ke6
57.Rc5 Kd6 58.Rc6+ Kd5 59.e4+ Rxe4 60.Rc7 Rb4 61.Rxf7 Rxb5 62.Kf4 Ke6  1/2-1/2

[Event "17th Schloss Open A"]
[Site "Werther GER"]
[Date "2011.04.14"]
[Round "1"]
[White "Richter,Gera"]
[Black "Hoffmann,Ale1"]
[Result "0-1"]
[WhiteElo "2131"]
[BlackElo "2404"]

1.d4 Nf6 2.c4 Nc6 3.Nf3 e6 4.Nc3 Bb4 5.Bd2 O-O 6.a3 Bxc3 7.Bxc3 d6 8.Qc2 Qe7
9.e3 a5 10.Be2 a4 11.O-O e5 12.dxe5 dxe5 13.b4 axb3 14.Qxb3 Ne4 15.Rfc1 Nc5
16.Qb2 Bg4 17.Bb4 b6 18.h3 Bh5 19.Rd1 e4 20.Nd4 Nxb4 21.axb4 Nd3 22.Rxd3 Rxa1+
23.Qxa1 exd3 24.Bxh5 Qxb4 25.Nf5 f6 26.Qd4 g6 27.Qxd3 gxf5 28.Bf3 Qe1+ 29.Kh2 Qxf2
30.Qxf5 Qxe3 31.Be4 Qh6  0-1

[Event "XXV Catalunya Open"]
[Site "Barcelona ESP"]
[Date "2011.04.16"]
[Round "1"]
[White "Bergez,L"]
[Black "Gonzalez Garcia,S"]
[Result "1-0"]
[WhiteElo "2415"]
[BlackElo "1821"]

1.d4 Nf6 2.c4 Nc6 3.Nf3 e6 4.Nc3 Bb4 5.Bg5 h6 6.Bh4 g5 7.Bg3 Ne4 8.Qc2 Nxg3
9.hxg3 d5 10.e3 Bd7 11.Be2 Qf6 12.Kf1 Bxc3 13.bxc3 O-O-O 14.Rb1 Kb8 15.e4 dxe4
16.Qxe4 Qf5 17.Qxf5 exf5 18.d5 Ne7 19.Re1 Ng6 20.Bd3 f4 21.Nd4 fxg3 22.fxg3 Rdf8
23.c5 h5 24.c6 Bg4 25.cxb7 Kxb7 26.Nc6 Kb6 27.c4 Re8 28.Kf2 Kc5 29.Rxe8 Rxe8
30.Rb1 Bd7 31.Na5 Ne5 32.Bf1 Ng4+ 33.Kg1 Re3 34.Nb3+ Kd6 35.Rd1 Ba4 36.c5+ Kd7
37.Bd3 Rxg3 38.Bf5+ Kd8 39.Bxg4 Rxg4 40.Rf1 Be8 41.Rf5 Ke7 42.Re5+ Kd8 43.c6 f6
44.Re1 Rc4 45.Na5 Rb4 46.Nb3  1-0

[Event "17th Schloss Open A"]
[Site "Werther GER"]
[Date "2011.04.17"]
[Round "6"]
[White "Fenner,M"]
[Black "Goecke,K"]
[Result "0-1"]
[WhiteElo "1981"]
[BlackElo "2202"]

1.d4 Nf6 2.c4 Nc6 3.Nf3 e6 4.d5 exd5 5.cxd5 Bb4+ 6.Bd2 Nxd5 7.Bxb4 Ndxb4
8.Nc3 O-O 9.e4 d5 10.Nxd5 Nxd5 11.exd5 Re8+ 12.Be2 Nb4 13.O-O Nxd5 14.Bc4 Nb6
15.Bb3 Qxd1 16.Rfxd1 h6 17.Nd4 Bd7 18.a4 a5 19.Rd3 c5 20.Nb5 Bxb5 21.axb5 c4
22.Rd6 Nc8  0-1

[Event "Branko Vukmanovic Mem Open"]
[Site "Tivat MNE"]
[Date "2011.04.21"]
[Round "6.3"]
[White "Blagojevic,Dr"]
[Black "Mestrovic,Z"]
[Result "1-0"]
[WhiteElo "2524"]
[BlackElo "2393"]

1.d4 Nf6 2.c4 Nc6 3.Nf3 d6 4.Nc3 g6 5.g3 Bd7 6.Bg2 Qc8 7.d5 Na5 8.b3 Bg7
9.Bb2 Bh3 10.O-O h5 11.Bxh3 Qxh3 12.Ng5 Qd7 13.h4 Nh7 14.Nxh7 Rxh7 15.Qd2 c5
16.Ne4 Bxb2 17.Qxb2 f6 18.Kg2 O-O-O 19.Qc3 b6 20.a3 Rg8 21.b4 Nb7 22.f4 Qf5
23.Qf3 Kb8 24.Rac1 e6 25.Nc3 Re8 26.e4 Qg4 27.Qxg4 hxg4 28.dxe6 Rxe6 29.f5 gxf5
30.Rxf5 Nd8 31.Rf4 Rg7 32.Nd5 Nc6 33.Rcf1 cxb4 34.axb4 a5 35.b5 Ne5 36.Nxb6 Rb7
37.Nd5 Nxc4 38.Rc1 Nb6 39.Nxf6 a4 40.h5 Rf7 41.Nd5 Rxf4 42.gxf4 Nxd5 43.exd5 Re3
44.h6 Kb7 45.Rh1 Re8 46.Kg3 Kb6 47.h7 Rh8 48.Kxg4  1-0

[Event "ch-Americas Continental"]
[Site "Toluca MEX"]
[Date "2011.04.21"]
[Round "3"]
[White "Rios,Cr"]
[Black "Nogueiras Santiago,J"]
[Result "1-0"]
[WhiteElo "2409"]
[BlackElo "2566"]

1.d4 Nf6 2.c4 Nc6 3.Nc3 e5 4.d5 Ne7 5.e4 Ng6 6.f3 Bc5 7.Nge2 a6 8.Qd3 d6
9.Be3 Nd7 10.g3 O-O 11.Bh3 Nf4 12.Nxf4 exf4 13.Bxf4 Ne5 14.Bxe5 Bxh3 15.Bd4 Bxd4
16.Qxd4 Bg2 17.Rg1 Bxf3 18.g4 h5 19.gxh5 Qh4+ 20.Rg3 g5 21.Qf6 Bxh5 22.Qxg5+ Qxg5
23.Rxg5+ Bg6 24.Kf2 Kg7 25.h4 Rae8 26.Rag1 Kh6 27.R1g4 Re7 28.Rf4 Rfe8 29.Kf3 Kg7
30.Ne2 f6 31.Rg1 Kf7 32.Ng3 b5 33.cxb5 axb5 34.Ke3 Re5 35.Rc1 R8e7 36.Kd4 Kg7
37.b3 Kh7 38.a4 bxa4 39.bxa4 Rg7 40.a5 Re8 41.h5 Bf7 42.Nf5 c5+ 43.dxc6  1-0

[Event "Doeberl Cup Premier"]
[Site "Canberra AUS"]
[Date "2011.04.22"]
[Round "3.1"]
[White "Arutinian,D"]
[Black "Akshat,Kh"]
[Result "1/2-1/2"]
[WhiteElo "2575"]
[BlackElo "2328"]

1.d4 Nf6 2.c4 Nc6 3.Nf3 e6 4.a3 d6 5.Nc3 g6 6.g3 Bg7 7.Bg2 O-O 8.O-O Re8
9.h3 e5 10.dxe5 dxe5 11.Be3 Be6 12.Qa4 h6 13.Rad1 Qc8 14.Kh2 Nd7 15.Nd5 Nd8
16.Nd2 f5 17.c5 c6 18.Nc3 b5 19.cxb6 axb6 20.Qc2 Qa6 21.Nb3 Rc8 22.Rd6 Bf8
23.Rd2 Nf7 24.Rfd1 Nf6 25.f3 Nd5 26.Bf2 Qc4 27.Rd3 Qa6 28.R3d2 Qc4 29.Rd3 Qa6
30.R3d2 Qc4  1/2-1/2

[Event "Philadelphia Open"]
[Site "Philadelphia USA"]
[Date "2011.04.22"]
[Round "4"]
[White "Yeager,D"]
[Black "Schwartz,Max"]
[Result "1-0"]
[WhiteElo "2289"]
[BlackElo "2090"]

1.d4 Nf6 2.c4 Nc6 3.Nf3 e6 4.a3 d6 5.Nc3 g6 6.e4 Bg7 7.h3 O-O 8.Be3 Re8 9.Bd3 e5
10.d5 Ne7 11.g4 c6 12.b4 cxd5 13.cxd5 Bd7 14.Nd2 Nc8 15.Nc4 Re7 16.a4 Be8
17.b5 Nb6 18.Nd2 Rc7 19.Na2 Nbd7 20.Nb3 Rac8 21.f3 Nb6 22.Nd2 Nbd7 23.a5 Nc5
24.Be2 Kh8 25.h4 Ng8 26.Nb4 Bf6 27.g5 Be7 28.a6 b6 29.Nc6 Bxc6 30.bxc6 f6
31.Rg1 Bf8 32.Nc4 Rf7 33.Na3 f5 34.Qc2 Bg7 35.Nb5 Bf8 36.Bf1 Bg7 37.Ke2 Bf8
38.Bh3 Ne7 39.Bxc5 bxc5 40.Nxa7 Rb8 41.Rgb1 Bg7 42.Nb5 Ra8 43.Nc3 Qc8 44.Rb7 Bf8
45.Nb5  1-0

[Event "TCh-RUS Premier"]
[Site "Olginka RUS"]
[Date "2011.04.23"]
[Round "11"]
[White "Konyshev,Ar"]
[Black "Bologan,V"]
[Result "0-1"]
[WhiteElo "2379"]
[BlackElo "2671"]

1.d4 Nf6 2.c4 Nc6 3.Nf3 e6 4.Nc3 Bb4 5.Qc2 d6 6.Bd2 O-O 7.e3 e5 8.d5 Ne7
9.Ne4 Nxe4 10.Bxb4 f5 11.Nd2 a5 12.Bc3 Nxc3 13.Qxc3 f4 14.e4 c6 15.Be2 b5
16.b3 cxd5 17.cxd5 Bd7 18.O-O Kh8 19.a4 b4 20.Qd3 Ng8 21.Rfc1 Nf6 22.h3 g5
23.Qc2 Ra7 24.Bb5 g4 25.Bxd7 Rxd7 26.Qd3 f3 27.g3 gxh3 28.Nf1 Qe8 29.Nh2 Qg6
30.Rc4 Nh5 31.Kh1 Qxg3  0-1

[Event "Doeberl Cup Premier"]
[Site "Canberra AUS"]
[Date "2011.04.24"]
[Round "8.8"]
[White "Brown,An"]
[Black "Illingworth,M"]
[Result "0-1"]
[WhiteElo "2275"]
[BlackElo "2345"]

1.d4 Nf6 2.c4 Nc6 3.Nf3 e6 4.Bg5 Bb4+ 5.Nc3 h6 6.Bh4 g5 7.Bg3 Ne4 8.Qc2 d5
9.e3 h5 10.O-O-O Bxc3 11.bxc3 h4 12.Be5 f6 13.Nxg5 fxe5 14.Nxe4 dxe4 15.d5 exd5
16.cxd5 Ne7 17.Qa4+ Kf7 18.Qxe4 Qd6 19.Qf3+ Ke8 20.e4 Bd7 21.Bc4 b5 22.Bb3 a5
23.Rd3 Ra6 24.Kb1 Qg6 25.g3 Bg4 26.Qe3 hxg3 27.fxg3 Qh6 28.Qe1 Rf6 29.h4 Rhf8
30.a4 Rf2 31.d6 Be2 32.Rd1 cxd6 33.Rc1 Qe3 34.axb5 Bd3+ 35.Bc2 Bxc2+ 36.Rxc2 Qd3
37.Qd1 Rf1  0-1

[Event "Nakhchivan Open"]
[Site "Nakhchivan AZE"]
[Date "2011.04.28"]
[Round "6"]
[White "Guramishvili,S"]
[Black "Safarli,E"]
[Result "0-1"]
[WhiteElo "2334"]
[BlackElo "2628"]

1.d4 Nf6 2.c4 Nc6 3.Nc3 e6 4.a3 d6 5.Nf3 g6 6.d5 exd5 7.cxd5 Ne7 8.g3 Bg7
9.Bg2 O-O 10.O-O Bg4 11.h3 Bxf3 12.Bxf3 Qd7 13.Bg2 c6 14.dxc6 bxc6 15.Bf4 Rfd8
16.Qd2 Qe6 17.Rac1 h5 18.Rfd1 d5 19.Qd3 Re8 20.b4 Rad8 21.Na4 Nf5 22.e3 Ne4
23.h4 Qf6 24.Qa6 Nxf2 25.Bg5 Qd6 26.Bf4 Qf6 27.Bg5 Qd6 28.Bf4 Be5 29.Kxf2 Nxe3
30.Bxe3 Bxg3+ 31.Kg1 Rxe3 32.Rf1 Qe7 33.Rxc6 Bd6 34.Nc5 Rg3 35.Rf2 Be5 36.Ne6 fxe6
37.Rxe6 Qg7 38.Re2 Bd4+ 39.Kh2 Rg4 40.Re7 Rxh4+ 41.Bh3 Qf6 42.Qxf6 Bxf6 43.Rxa7 d4
44.Re6 Rf4 45.Kg3 g5 46.Re1 h4+ 47.Kh2 g4 48.Bf1 Rf2+ 49.Kg1 g3 50.Bc4+ Kh8
51.Bd3 Rf3 52.Rd1 Re8 53.b5 Re6 54.a4 Bg5 55.Kg2 Rf2+ 56.Kh3 Rh2+ 57.Kg4 g2
58.Kxg5 Rh1 59.Ra8+ Kg7 60.Ra7+ Kf8 61.Ra8+ Re8 62.Rxe8+ Kxe8  0-1

[Event "Luebeck GM"]
[Site "Luebeck GER"]
[Date "2011.04.30"]
[Round "6"]
[White "Nedic,D"]
[Black "Epishin,V"]
[Result "0-1"]
[WhiteElo "2378"]
[BlackElo "2567"]

1.d4 Nf6 2.c4 Nc6 3.Nf3 d6 4.Nc3 e5 5.d5 Nb8 6.e4 Be7 7.Bd3 O-O 8.O-O Bg4
9.h3 Bh5 10.Rb1 c5 11.a3 a5 12.b3 Nbd7 13.Kh1 Bxf3 14.Qxf3 Ne8 15.Qg3 Bh4
16.Qg4 g6 17.Bh6 Ng7 18.Nb5 Be7 19.Qd1 Kh8 20.Qd2 Rg8 21.Be3 f5 22.f3 Nh5
23.Kh2 f4 24.Bf2 b6 25.Qb2 h6 26.Rfd1 Kh7 27.Ra1 Nhf6 28.b4 h5 29.bxa5 Rxa5
30.Rh1 Ne8 31.Be1 Ra8 32.Qf2 Nc7 33.Nxc7 Qxc7 34.Qb2 Ra7 35.Bc3 Rga8 36.Rhb1 Bd8
37.Bc2 g5 38.Bd1 Nf6 39.a4 Qg7 40.Be1 g4 41.Qb5 Rc8 42.Ra3 gxh3 43.Kxh3 Qg5
44.Kh2 h4 45.Kh3 Qg3+ 46.Bxg3 hxg3  0-1

[Event "TCh-SVK Extraliga 2010-11"]
[Site "Slovakia SVK"]
[Date "2011.05.07"]
[Round "10"]
[White "Likavsky,T"]
[Black "Meszaros,Gyu"]
[Result "1/2-1/2"]
[WhiteElo "2466"]
[BlackElo "2425"]

1.d4 Nf6 2.c4 Nc6 3.Nf3 e6 4.Nc3 Bb4 5.Qc2 O-O 6.Bd2 d6 7.a3 Bxc3 8.Bxc3 Qe7
9.g3 e5 10.d5 Nb8 11.Nh4 a5 12.Bg2 a4 13.O-O Nh5 14.e4 g5 15.Nf5 Bxf5 16.exf5 Nd7
17.Rae1 f6 18.f4 Qf7 19.fxg5 fxg5 20.c5 Nhf6 21.cxd6 cxd6 22.Bb4 Ra6 23.Qc7 b5
24.Rc1 e4 25.Rc6 Nxd5 26.Qxd6 Rxc6 27.Qxc6 Nxb4 28.axb4 Nf6 29.Bxe4 Qa7+
30.Kh1 Qd4  1/2-1/2

[Event "TCh-POL Ekstraliga"]
[Site "Wroclaw POL"]
[Date "2011.05.07"]
[Round "2.3"]
[White "Skalski,M"]
[Black "Ksieski,Z"]
[Result "1-0"]
[WhiteElo "2437"]
[BlackElo "2352"]

1.d4 Nf6 2.c4 Nc6 3.Nf3 e6 4.Bg5 h6 5.Bh4 d5 6.e3 g5 7.Bg3 Ne4 8.Nc3 Nxg3
9.hxg3 Bg7 10.Qb3 dxc4 11.Bxc4 Bd7 12.Bd3 a5 13.a3 Rb8 14.Rd1 Ne7 15.O-O O-O
16.Bb1 Re8 17.Rd2 b5 18.Ne4 Bc6 19.Nc5 Bxf3 20.gxf3 Qd5 21.Qd1 Red8 22.Be4 Qd6
23.f4 gxf4 24.gxf4 Nd5 25.Kh1 f5 26.Bb1 Qe7 27.Qh5 Qf7 28.Qxf7+ Kxf7 29.Ba2 b4
30.Rc1 bxa3 31.bxa3 Bf8 32.Rdc2 Kf6 33.Kg2 Bd6 34.Kf3 Ke7 35.Rh1 Rh8 36.Nd3 Kd7
37.Bxd5 exd5 38.Rh5 Ke6 39.a4 Kf6 40.Rc1 Rb3 41.Ne5 c5 42.Rch1 Bxe5 43.fxe5+ Kg6
44.Kf4 cxd4 45.Rxf5 Re8 46.Rf6+ Kg7 47.exd4 Rd3 48.Kf5 Rxd4 49.Rhxh6 Rg8
50.Rh5 Rb8 51.Rg6+  1-0

[Event "41st Bosna Open"]
[Site "Sarajevo BIH"]
[Date "2011.05.09"]
[Round "6.16"]
[White "Berczes,D"]
[Black "Kamberovic,S"]
[Result "1-0"]
[WhiteElo "2531"]
[BlackElo "2272"]

1.d4 Nf6 2.c4 Nc6 3.Nf3 d6 4.Nc3 Bg4 5.d5 Nb8 6.g3 g6 7.Bg2 Qc8 8.h3 Bd7
9.e4 Bg7 10.e5 dxe5 11.Nxe5 O-O 12.Nxd7 Nfxd7 13.O-O Nc5 14.Be3 Nbd7 15.Qd2 a5
16.Bh6 Re8 17.Bxg7 Kxg7 18.f4 Qd8 19.Rad1 Nf6 20.Nb5 Nce4 21.Qd3 Nd6 22.Nd4 Qd7
23.g4 Qa4 24.c5 Nc8 25.g5 Nd7 26.a3 Kg8 27.Rc1 b6 28.d6 Nxc5 29.Qd1 Qxd1
30.Rfxd1 Nxd6 31.Bxa8 Rxa8 32.b4 axb4 33.axb4 Ne6 34.Nxe6 fxe6 35.Rxc7 Kf8
36.Rc6 Rb8 37.Ra1 b5 38.Rca6 Kf7 39.Ra8 Rb6 40.R1a6 Rxa6 41.Rxa6 Nc4 42.Kf2 e5
43.fxe5 Nxe5 44.Ke3 Ke8 45.Ke4 Nf7 46.h4 Kd7 47.Kd5 Nd6 48.Ra7+ Kd8 49.Ra8+ Kd7
50.Rh8 e6+ 51.Kc5  1-0

[Event "ch-UKR semi-final"]
[Site "Alushta UKR"]
[Date "2011.05.10"]
[Round "8.53"]
[White "Trjapishko,A"]
[Black "Polyakov,M"]
[Result "0-1"]
[WhiteElo "1957"]
[BlackElo "2324"]

1.d4 Nf6 2.c4 Nc6 3.Nf3 e6 4.Nc3 Bb4 5.Qc2 Qe7 6.a3 Bxc3+ 7.Qxc3 d6 8.b4 e5
9.dxe5 Nxe5 10.Nxe5 Qxe5 11.Qxe5+ dxe5 12.Bb2 Nd7 13.g3 f6 14.c5 c6 15.Bg2 Nf8
16.O-O Be6 17.Rad1 Rd8 18.Bc3 Bd5 19.Bh3 Ke7 20.Rd2 Ne6 21.f3 Bb3 22.Rb1 Rxd2
23.Bxd2 Nd4 24.Kf2 Bc4 25.Bf1 Rd8 26.Rb2 Nb3 27.Ke1 b6 28.Be3 b5 29.Bd2 Ke6
30.Bc3 a5 31.Bh3+ Kf7 32.Bg2 Bd5 33.f4 a4 34.Bf1 exf4 35.gxf4 Be4 36.e3 Bf3
37.Bd2 Rd5 38.Rc2 g5 39.fxg5 fxg5 40.h3 h6 41.Ra2 Kg6 42.Rc2 h5 43.Bc3 Rd1+
44.Kf2 Be4 45.Rb2 Ra1 46.Rd2 Nxd2 47.Bxa1 Nc4 48.Bxc4 bxc4 49.Kg3 h4+ 50.Kf2 Kf5
51.Bc3 g4 52.hxg4+ Kxg4 53.Bd4 h3 54.Be5 c3 55.Kg1 c2 56.Bb2 Kg3 57.Be5+ Kf3  0-1

[Event "ch-Euro Indiv Women"]
[Site "Tbilisi GEO"]
[Date "2011.05.10"]
[Round "4"]
[White "Shaidullina,S"]
[Black "Edes,Z"]
[Result "1-0"]
[WhiteElo "2160"]
[BlackElo "2043"]

1.d4 Nf6 2.c4 Nc6 3.Nc3 e5 4.d5 Ne7 5.e4 Ng6 6.h4 h5 7.Bg5 Bb4 8.Ne2 a5 9.a3 Bc5
10.Na4 Ba7 11.c5 d6 12.b4 b5 13.cxb6 Bxb6 14.Nxb6 cxb6 15.b5 Bg4 16.f3 Bd7
17.Nc3 Qc7 18.Na4 O-O 19.Rc1 Qa7 20.Qd2 Nh7 21.Be3 Rab8 22.Bd3 Kh8 23.Qf2 Nf4
24.Bf1 Rbc8 25.Rxc8 Rxc8 26.g3 Ng6 27.Bxb6 Qa8 28.Qd2 f5 29.Bxa5 f4 30.Nb6 Rc1+
31.Kf2 fxg3+ 32.Kxg3 Qa7 33.Qxc1 Qxa5 34.Nxd7  1-0

[Event "TCh-UKR Clubs 2011"]
[Site "Alushta UKR"]
[Date "2011.05.15"]
[Round "3.3"]
[White "Zheleznov,V"]
[Black "Ipatov,A ESP"]
[Result "1/2-1/2"]
[WhiteElo "2283"]
[BlackElo "2536"]

1.d4 Nf6 2.c4 Nc6 3.Nf3 d6 4.Nc3 Bg4 5.h3 Bxf3 6.exf3 g6 7.d5 Nb8 8.Be3 Nbd7
9.Be2 Bg7 10.Qd2 c6 11.O-O O-O 12.Rab1 Nb6 13.Rfc1 Nfd7 14.f4 a5 15.b3 Nc5
16.Bf3 Qc7 17.Ne2 Nbd7 18.Nd4 Ra6 19.g3 e5 20.dxe6 fxe6 21.Bg2 Raa8 22.Rd1 Nf6
23.Rbc1 Qe7 24.Qc2 Ncd7 25.Re1 Rfe8 26.Rcd1 d5 27.Bc1 Qf7 28.Nf3 Ne4 29.Ne5 Nxe5
30.fxe5 Bxe5 31.Bxe4 dxe4 32.Rxe4 Bg7 33.Qe2 a4 34.b4 e5 35.Bb2 a3 36.Bxe5 Bxe5
37.Rxe5 Rxe5 38.Qxe5 Re8 39.Qc3 Qe6 40.h4 Qe2 41.Rd2 Qe4 42.Qd3 Qe1+ 43.Kg2 Qe6
44.Qd4 Re7 45.Rd3 Qe4+ 46.Qxe4 Rxe4 47.Rc3 h5 48.Kf3 Rg4 49.Ke3 Kf7 50.Kd3 b5
51.cxb5 cxb5 52.Rc7+ Kf6 53.Kc3 Re4 54.Rd7 Re1 55.Kb3 Re2 56.Rd8 Ke7 57.Rd3 Rxf2
58.Kxa3 Rf1 59.Kb3 Rb1+ 60.Kc3 Rc1+ 61.Kb2 Rg1 62.a3 Ke6 63.Rc3 Kd6 64.Kc2 Kd7
65.Re3 Kd6 66.Kd3 Kd5 67.Kc3 Rc1+ 68.Kb2 Rg1 69.Rc3 Kd4 70.Rf3 Kc4 71.Rc3+ Kd4  1/2-1/2

[Event "TCh-NED"]
[Site "Netherlands NED"]
[Date "2011.05.15"]
[Round "9.10"]
[White "Wempe,Jo"]
[Black "Bus,T"]
[Result "0-1"]
[WhiteElo "2283"]
[BlackElo "2186"]

1.d4 Nf6 2.c4 Nc6 3.Nf3 e6 4.Nc3 Bb4 5.Qc2 d5 6.a3 Bxc3+ 7.Qxc3 a5 8.Bg5 h6
9.Bxf6 Qxf6 10.g3 O-O 11.Bg2 dxc4 12.O-O Re8 13.Ne5 Rb8 14.Bxc6 bxc6 15.Qxc4 Rb6
16.Qc3 a4 17.Rfd1 Qf5 18.Rd2 Bb7 19.Nd7 Rb3 20.Qc4 c5 21.Nxc5 Bd5 22.Qxa4 Ra8
23.Qd7 Rab8 24.Re1 R3b5 25.e4 Qg5 26.f4 Qh5 27.b4 Ba8 28.d5 exd5 29.exd5 Kh7
30.Kg2 R5b6 31.Re5 Qg6 32.f5 Qg5 33.Rf2 Rd6 34.Qxf7 Rbd8 35.Ne6 Qf6 36.Qg6+ Kg8
37.Nxd8 Qxe5 38.Qf7+ Kh7 39.Ne6 Bxd5+ 40.Kh3 Rxe6 41.Qh5 Rf6 42.g4 Qe3+ 43.Kh4 Qxf2+
44.Kh3 Bg2+  0-1

[Event "TCh-NED"]
[Site "Netherlands NED"]
[Date "2011.05.15"]
[Round "9.7"]
[White "Swinkels,R"]
[Black "Hovenga,A"]
[Result "1/2-1/2"]
[WhiteElo "2478"]
[BlackElo "2176"]

1.d4 Nf6 2.c4 Nc6 3.Nf3 e6 4.g3 d5 5.Bg2 dxc4 6.Qa4 Bb4+ 7.Bd2 Nd5 8.Bxb4 Nxb4
9.Na3 O-O 10.O-O a6 11.Ne5 Qxd4 12.Nxc6 Nxc6 13.Bxc6 bxc6 14.Nxc4 c5 15.Rad1 Qe4
16.f3 Qb7 17.Qc2 Qb5 18.Rd3 a5 19.Na3 Qb4 20.Rb3 Qd4+ 21.e3 Qd5 22.e4 Qd4+
23.Kg2 Rd8 24.Nb5 Qd7 25.Qxc5 a4 26.Rb4 e5 27.Nc3 Qh3+ 28.Kg1 Rd2 29.Rf2 Ba6
30.Qxc7 Rxf2 31.Rb8+ Rxb8 32.Qxb8+ Bc8 33.Kxf2 Qxh2+ 34.Ke3 Qg1+ 35.Kd2 Qd4+
36.Ke2 Qc4+ 37.Ke1 a3 38.Qxe5 h6 39.bxa3 Be6 40.a4 Qd3 41.Nd5 Qb1+ 42.Kf2 Qxa2+
43.Kg1 Qxa4 44.Ne3 Qb3 45.Qd4 Qb1+ 46.Qd1 Qxd1+ 47.Nxd1 f6 48.Ne3 Kf7 49.Ng2 Ba2
50.Kf2 g5 51.g4 Kg6 52.Ne3 h5 53.gxh5+ Kxh5 54.Nf5 Kg6 55.Nd4 Bb1 56.Ke3 Kf7
57.Nf5  1/2-1/2